Mercadores vimaranenses no comércio atlântico (Registo nº 2724)

Detalhes MARC
000 -Etiqueta do registo
Cabeçalho 00936nam a22002771 4500
005 - Identificador da versão
Campo de controlo 20240813121943.0
095 ## -
-- PTBN00454900
021 ## - Número do Depósito Legal
Código do país PT
Número 61882/92
100 ## - Dados gerais de processamento
Dados gerais de processamento 19930607d1992 e a0pory5003 ba
102 ## - Pais de publicação ou produção
País de publicação Portugal
101 0# - Língua de publicação
Língua do texto, banda sonora, etc. Português
106 ## - Campo de dados codificados: material textual
Dados codificados do material textual r
105 ## - Campo de dados codificados: livros
Dados codificados dos livros a z 001yy
215 ## - Descrição física 
Indicação específica da natureza do documento e extensão da espécie 63 p.
Dimensões 24 cm
200 1# - Titulo e menção de responsabilidade
Título próprio Mercadores vimaranenses no comércio atlântico
Informação de outro título 1513-1530
Primeira menção de responsabilidade Clube dos Descobrimentos, Escola Secundária Martins Sarmento
210 ## - Publicação, Distribuição, etc. 
Lugar da edição, distribuição, etc. Lisboa
Nome do editor, distribuidor, etc. Grupo de Trabalho do Ministério da Educação para as Comemorações dos Descobrimentos Portugueses
Data da publicação, distribuição, etc. D.L. 1992
606 ## - Nome comum usado como assunto
Número de registo de entrada de autoridade 0001638
Palavra de ordem História
Subdivisão geográfica Portugal
Subdivisão cronológica Séc. 16
Número de registo de entrada de autoridade 0001468
Palavra de ordem Etnografia
675 ## - Classificação Decimal Universal (CDU)
Notação 946.9
Edição
Língua da edição por
Notação 39
Edição
Língua da edição por
710 02 - Nome de colectividade-autor (responsabilidade principal)
Número de registo de entrada de autoridade 0001639
Palavra de ordem Escola Secundária Martins Sarmento
Subdivisão Clube dos Descobrimentos
942 ## - Elementos de entrada adicionados (Koha)
Tipo de item no Koha Livro
Exemplares
Situação do levantamento Origin of item (home branch) (coded) Biblioteca de empréstimo Código de barras Cota Circulation type (not for loan) Tipo de documento Nota do exemplar Damaged status
  Biblioteca Escolar da Coca Maravilhas Biblioteca Escolar da Coca Maravilhas BECM1941/93 9PT MER   Livro Sem mensagem